| 000 | 00517nam a22001577a 4500 | ||
|---|---|---|---|
| 003 | OSt | ||
| 005 | 20151101091524.0 | ||
| 008 | 151101b xxu||||| |||| 00| 0 eng d | ||
| 040 | _cRUA | ||
| 082 | _aFOR វង្ស 1989 B115 Or.1 | ||
| 100 |
_93102 _aវង្ស សុបញ្ញា |
||
| 245 | _aសុវុឌ្ឍីកម្មរោងចក្រអាឈើអ្នកលឿង ខេត្តព្រៃវែង | ||
| 260 |
_aPhnom Penh _bRUA _c1989 |
||
| 300 |
_a118. _bill. _c29cm. |
||
| 942 |
_2ddc _cFOR |
||
| 999 |
_c2891 _d2891 |
||